000
002470000a22000970004500
100
1
_a
Reed, Lawrence W.
245
1
0
_a
FEE : A lighthouse for freedom
300
_a
Vol. 46, Num. 5 (Mayo, 1996), Páginas 346-347
773
0
_t
The Freeman
942
_c
ANA
999
_c
56327
_d
56327